| Tag |
First Indicator |
Second Indicator |
Subfields |
| LEADER |
00000cam a2200000 a 4500 |
| 001 |
in00001168445 |
| 005 |
20151001083014.0 |
| 008 |
920824s1993 mdu b 001 0 eng |
| 010 |
|
|
|a 92031103
|
| 015 |
|
|
|a GB93-50168
|
| 020 |
|
|
|a 0819189030 (alk. paper)
|
| 020 |
|
|
|a 0819189049 (pbk. : alk. paper)
|
| 035 |
|
|
|a (OCoLC)26590870
|
| 035 |
|
|
|9 AGF5801AM
|
| 040 |
|
|
|a DLC
|c DLC
|d UKM
|d WEA
|d UtOrBLW
|
| 043 |
|
|
|a a-ch---
|
| 049 |
|
|
|a TXAM
|
| 050 |
0 |
0 |
|a DS799.82.C437
|b C4376 1993
|
| 082 |
0 |
0 |
|a 951.24/905
|2 20
|
| 245 |
0 |
0 |
|a Chiang Ching-kuo's leadership in the development of the Republic of China on Taiwan /
|c edited by Shao-chuan Leng.
|
| 264 |
|
1 |
|a Lanham, Md. :
|b University Press of America ;
|a [Charlottsville] :
|b [Miller Center, University of Virginia],
|c [1993]
|
| 264 |
|
4 |
|c [©1993]
|
| 300 |
|
|
|a xiv, 216 pages ;
|c 23 cm.
|
| 336 |
|
|
|a text
|b txt
|2 rdacontent
|
| 337 |
|
|
|a unmediated
|b n
|2 rdamedia
|
| 338 |
|
|
|a volume
|b nc
|2 rdacarrier
|
| 490 |
1 |
|
|a The Miller Center series on Asian political leadership ;
|v v. 3
|
| 504 |
|
|
|a Includes bibliographical references and index.
|
| 505 |
0 |
|
|a Historical setting for the rise of Chiang Ching-kuo / Cho-yun Hsu -- Chiang Ching-kuo's decision for political reform / Andrew J. Nathan and Helen V.S. Ho -- The Taiwan economy in the seventies / John C.H. Fei -- Comments on John C.H. Fei's The Taiwan economy in the seventies / Thomas A. Metzger -- CCK and society : institutional leadership and social development on Taiwan / Edwin Winckler -- Chiang Ching-kuo's policies toward mainland China and the outside world / Ralph N. Clough -- The legacy of Chiang Ching-kuo : external assessments reassessed / Brian Hook -- Reflections on leadership, China, and Chiang Ching-kuo / Robert A. Scalapino.
|
| 541 |
0 |
|
|a Donated by Susan Dixon Richardson and Joe C. Richardson, Jr. for the Jayne and William H. Mobley Collection in Presidential Studies
|
| 600 |
1 |
0 |
|a Chiang, Ching-kuo,
|d 1910-1988.
|
| 651 |
|
0 |
|a Taiwan
|x Politics and government
|y 1975-1988.
|
| 600 |
1 |
4 |
|a Chiang, Ching-kuo,
|d 1910-1988.
|
| 653 |
0 |
|
|a Politics
|
| 653 |
0 |
|
|a Taiwan (China)
|
| 700 |
1 |
|
|a Leng, Shao Chuan,
|d 1921-2000.
|
| 830 |
|
0 |
|a Miller Center series on Asian political leadership ;
|v v. 3.
|
| 999 |
|
|
|a MARS
|
| 999 |
f |
f |
|s cc060569-890a-3e8c-938f-7f75651a9883
|i a2e5e25d-3022-38f5-a08f-9e68e7834dfb
|t 0
|
| 952 |
f |
f |
|p ric
|a Texas A&M University
|b Rellis Campus
|c Joint Library Facility
|d Remote Storage
|t 0
|e DS799.82.C437 C4376 1993
|h Library of Congress classification
|i unmediated -- volume
|m A14818484003
|
| 998 |
f |
f |
|a DS799.82.C437 C4376 1993
|t 0
|l Remote Storage
|